Statistics for Blues Hall of Fame Inductees

Click here to take the quiz!

General Stats

  • This quiz has been taken 115 times
    (67 since last reset)
  • The average score is 41 of 171

Answer Stats

HintAnswer% Correct
1980The Thrill Is GoneB.B. King
96%
1980Hoochie Coochie ManMuddy Waters
87%
1980Crossroads BluesRobert Johnson
80%
1985Johnny B. GoodeChuck Berry
78%
2015CrossroadsEric Clapton
78%
1983Born Under a Bad SignAlbert King
72%
1980Boogie ChillenJohn Lee Hooker
70%
1982Hide AwayFreddie King
67%
2003Blueberry HillFats Domino
63%
2000Texas FloodStevie Ray Vaughan
63%
1980SpoonfulHowlin' Wolf
61%
1990Tomorrow NightLonnie Johnson
61%
1986Canned Heat BluesTommy Johnson
59%
2012Since I Fell for YouBuddy and Ella Johnson
57%
1980The Sky Is CryingElmore James
57%
2001At LastEtta James
57%
2016Your Turn to CryJimmy Johnson
57%
1982Georgia On My MindRay Charles
57%
2020It It Because I'm BlackSyl Johnson
57%
2017How Many More YearsWillie Johnson
57%
2015Tutti FruttiLittle Richard
54%
1985Damn Right I've Got the BluesBuddy Guy
52%
2002(Mama) He Treats Your Daughter MeanRuth Brown
50%
1992Devil Got My WomanSkip James
50%
2019RespectAretha Franklin
48%
1992Baby Please Don't GoBig Joe Williams
48%
2013Off the HookEarl Hooker
48%
1981Good Rocking TonightRoy Brown
48%
1980Good Morning Little SchoolgirlSonny Boy Williamson I
48%
1980Nine Below ZeroSonny Boy Williamson II
48%
1980St Louis BluesBessie Smith
46%
1980See That My Grave Is Kept CleanBlind Lemon Jefferson
46%
1996Driftin' BluesCharles Brown
46%
1999Alright Again!Clarence "Gatemouth" Brown
46%
2015Atlanta BoogieTommy Brown
46%
1983Shake, Rattle, and RollBig Joe Turner
43%
2004Who Do You Love?Bo Diddley
43%
2005Rocket 88 (with Jackie Brenston)Ike Turner
43%
1980Hoochie Coochie Man (as songwriter)Willie Dixon
43%
1980Stormy MondayT-Bone Walker
41%
2013Lucky YoJody Williams
39%
2009I Belong to the Band, Hallelujah!Reverend Gary Davis
39%
2014I've Grown So UglyRobert Pete Williams
39%
2005Ashes In My WhiskeyWalter Davis
37%
2020Now You Can Talk About MeGeorge "Harmonica" Smith
35%
2016Bluesbreakers with Eric ClaptonJohn Mayall
35%
1980Mojo HandLightnin' Hopkins
35%
1980JukeLittle Walter
35%
2018Crazy BluesMamie Smith
35%
2019Green OnionsBooker T. & The M.G.'s
33%
2012Judge Harsh BluesFurry Lewis
33%
1986Ice Pickin'Albert Collins
30%
1991Strange FruitBillie Holiday
30%
1980Baby What You Want Me to DoJimmy Reed
30%
1986Goodnight, IreneLead Belly
30%
1980Key to the HighwayBig Bill Broonzy
28%
1984Hound DogBig Mama Thornton
28%
1981Statesboro BluesBlind Willie McTell
28%
1990Aberdeen Mississippi BluesBukka White
28%
1988Mean Town BluesJohnny Winter
28%
2000Willie and the Hand JiveJohnny Otis
26%
1983__ ______'s Black BottomMa Rainey
26%
2003_______'s Boogie WoogiePinetop Perkins
26%
2011Strong PersuaderRobert Cray
26%
1984Give Me Back My WigHound Dog Taylor
24%
1980Death Letter BluesSon House
24%
2007Gris-GrisDr. John
22%
1987Bad BoyEddie Taylor
22%
2013HellfireJoe Louis Walker
22%
1997I Got What It TakesKoko Taylor
22%
1988Avalon BluesMississippi John Hurt
22%
2006East-WestPaul Butterfield
22%
2007Strange Things Happening EverydaySister Rosetta Tharpe
22%
2009She Caught the Katy (and Left Me a Mule to Ride)Taj Mahal
22%
1980Pony BluesCharley Patton
20%
2016Fooled Around and Fell in LoveElvin Bishop
20%
1998Hoodoo Man BluesJunior Wells
20%
1982West Side SoulMagic Sam
20%
1980Me and My Chauffeur BluesMemphis Minnie
20%
2012Super Session (with Al Kooper and Stephen Stills)Mike Bloomfield
20%
1984All Your Love (I Miss Loving)Otis Rush
20%
1983CaldoniaLouis Jordan
17%
1991You Got to MoveMississippi Fred McDowell
17%
1981TipitinaProfessor Longhair
17%
1985I'm a King BeeSlim Harpo
17%
1990Police Dog BluesBlind Blake
15%
2006SuperharpJames Cotton
15%
2017Catch Up With the BluesJohnny Copeland
15%
1994All She Wants To Do Is RockWynonie Harris
15%
1994That's All Right (That's All Right Mama)Arthur "Big Boy" Crudup
13%
2004Truckin' My Blues AwayBlind Boy Fuller
13%
1981I Pity the FoolBobby "Blue" Bland
13%
2006Chicken HeadsBobby Rush
13%
1993Blues from the GutterChampion Jack Dupree
13%
2008Healing FeelingHubert Sumlin
13%
1995That's All RightJimmy Rogers
13%
2008A Real Mother For YaJohnny "Guitar" Watson
13%
2014Too Bad JimR.L. Burnside
13%
1991Drop Down MamaSleepy John Estes
13%
1981It Hurts Me TooTampa Red
13%
2010Chicken Shack BoogieAmos Milburn
11%
1982EasyBig Walter Horton
11%
2012I Wish You WouldBilly Boy Arnold
11%
2010Nick of TimeBonnie Raitt
11%
2009Time Is on My SideIrma Thomas
11%
1985Hawk Squat!J.B. Hutto
11%
2017I'm a BluesmanMagic Slim
11%
1980Walking the BluesOtis Spann
11%
1983Live on Maxwell StreetRobert Nighthawk
11%
2010St. Louis Blues (as composer)W.C. Handy
11%
1997Sporting Life BluesBrownie McGhee
9%
2019One O'Clock JumpCount Basie
9%
2007Ain't That a Shame (with Fats Domino)Dave Bartholomew
9%
2003What a Diff'rence a Day MakesDinah Washington
9%
2010Walk Right In (solo artist and/or band acceptable)Gus Cannon and Cannon's Jug Stompers
9%
2013Blue YodelJimmie Rodgers
9%
1992Hey, Ba-Ba-Re-BopJohnny Shines
9%
2001Next Time You See MeJunior Parker
9%
1982How Long How Long BluesLeroy Carr
9%
1993Blue ShadowsLowell Fulson
9%
1998Cherry Red WineLuther Allison
9%
1989Every Day I Have the BluesMemphis Slim
9%
2008Sitting On Top of the World (band)Mississippi Sheiks
9%
1987Please Send Me Someone to LovePercy Mayfield
9%
199944 BluesRoosevelt Sykes
9%
1987Hootin' the BluesSonny Terry
9%
2009Midnight SonSon Seals
9%
2010Stand Back! Here Comes _______ ___________'s South Side BandCharlie Musselwhite
7%
1996The World Don't Owe Me NothingDavid "Honeyboy" Edwards
7%
2007The Things That I Used to DoGuitar Slim
7%
2008Ain't Nobody's BusinessJimmy Witherspoon
7%
2012Last CallMatt "Guitar" Murphy
7%
2017You Are Not AloneMavis Staples
7%
2008Devil's Son-in-LawPeetie Wheatstraw
7%
1989Plays Robert and RobertRobert Jr. Lockwood
7%
2018Somebody Was WatchingRoebuck "Pops" Staples
7%
2001(Do the) Push and PullRufus Thomas
7%
2003Women be WiseSippie Wallace
7%
2002Worried Life BluesBig Maceo Merriweather
4%
2014Kidney Stew BluesEddie "Cleanhead" Vinson
4%
2012I Got MineFrank Stokes
4%
2011Mama Talk to Your DaughterJ.B. Lenoir
4%
2008The WalkJimmy McCracklin
4%
2011Wicked GrinJohn Hammond
4%
1988Grits Ain't GroceriesLittle Milton
4%
2011Downhearted BluesAlberta Hunter
2%
2020I've Got My Own Hell to RaiseBettye LaVette
2%
2014The Deacon's HopBig Jay McNeely
2%
2020Blues Keep Following Me AroundBilly Branch
2%
1989Hot Tamale BabyClifton Chenier
2%
2016Going to ChicagoEddy Clearwater
2%
2017Goin' Down SlowHenry Gray
2%
1988Confessin' the BluesJay McShann
2%
2012Sugar Coated LoveLazy Lester
2%
2010Bayou LightningLonnie Brooks
2%
2013Trying to Live My Life Without YouOtis Clay
2%
2006R.M. BluesRoy Milton
2%
2018East-West (as drummer)Sam Lay
2%
2018Juke (as backing band)The Aces
2%
2020Dirty T.B. BluesVictoria Spivey
2%
2012The Bright MississippiAllen Toussaint
0%
2011Gabbin' BluesBig Maybelle
0%
2011Trapped By a Thing Called LoveDenise LaSalle
0%
2020Five Long YearsEddie Boyd
0%
2014Can't Stop NowEddie Shaw
0%
2019Wild Women (Don't Have the Blues)Ida Cox
0%
2017Let's Straighten It OutLatimore
0%
2013Vicksburg BluesLittle Brother Montgomery
0%
2016Stealin', Stealin'Memphis Jug Band
0%
2019Early Hour BluesPee Wee Crayton
0%
2018Take My Hand, Precious LordThomas A. Dorsey
0%

Score Distribution

Percentile by Number Answered

Percent of People with Each Score

Your Score History

You have not taken this quiz since the last reset